Problems in strength of materials / (Record no. 12825)
[ view plain ]
| 000 -LEADER | |
|---|---|
| fixed length control field | 01033cam a22002532 4500 |
| 001 - CONTROL NUMBER | |
| control field | 12825 |
| 003 - CONTROL NUMBER IDENTIFIER | |
| rucl marc code | BD-RjUL |
| 005 - DATE AND TIME OF LATEST TRANSACTION | |
| control field | 20211208235348.0 |
| 008 - FIXED-LENGTH DATA ELEMENTS--GENERAL INFORMATION | |
| fixed length control field | 140129s1966 enka 000 0 eng |
| 035 ## - SYSTEM CONTROL NUMBER | |
| System control number | (BD-RjUL)12875 |
| -- | OCLC ocm01962333 from D970715M |
| 040 ## - CATALOGING SOURCE | |
| Original cataloging agency | DLC |
| Transcribing agency | CSU |
| Modifying agency | OCL |
| -- | UKM |
| -- | EQO |
| -- | BD-RjUL |
| Language of cataloging | eng |
| 041 1# - LANGUAGE CODE | |
| Language code of text/sound track or separate title | engrus |
| 082 00 - DEWEY DECIMAL CLASSIFICATION NUMBER | |
| Classification number | 620.112076 |
| Author mark and year | BEP 1966 |
| 100 1# - MAIN ENTRY--PERSONAL NAME | |
| Personal name | Beli͡aev, N. M., |
| Fuller form of name | (Nikolaĭ Mikhaĭlovich), |
| Dates associated with a name | 1890-1944. |
| 9 (RLIN) | 39962 |
| 245 10 - TITLE STATEMENT | |
| Title | Problems in strength of materials / |
| Statement of responsibility, etc. | by N. M. Belyayev. Translated by W. U. Sirk. English translation edited by R. Kitching. |
| 250 ## - EDITION STATEMENT | |
| Edition statement | 1st ed. |
| 260 ## - PUBLICATION, DISTRIBUTION, ETC. (IMPRINT) | |
| Place of publication, distribution, etc. | Oxford ; |
| -- | New York : |
| Name of publisher, distributor, etc. | Pergamon Press, |
| Date of publication, distribution, etc. | 1966. |
| 300 ## - PHYSICAL DESCRIPTION | |
| Pagination | xiv, 531 p. : |
| Illustrations | ill. ; |
| Size | 22 cm. |
| 500 ## - GENERAL NOTE | |
| General note | Translation of (transliterated: Sbornik zadach po soprotivienii͡u materialov) |
| General note | "Companion to the [author's] text book Strength of materials ... (12th edition 1959)" |
| 650 #0 - SUBJECT ADDED ENTRY--TOPICAL TERM | |
| Topical term or geographic name as entry element | Strength of materials |
| General subdivision | Problems, exercises, etc. |
| 9 (RLIN) | 39963 |
| 942 ## - ADDED ENTRY ELEMENTS (KOHA) | |
| Source of classification or shelving scheme | Dewey Decimal Classification |
| Koha item type | Books |
| Lost status | Source of classification or shelving scheme | Damaged status | Not for loan | Collection code | Permanent Location | Current Location | Shelving location | Date acquired | Source of acquisition | Cost, normal purchase price | Total Checkouts | Full call number | Date last seen | Copy number | Koha item type |
|---|---|---|---|---|---|---|---|---|---|---|---|---|---|---|---|
| Dewey Decimal Classification | Not For Loan | Non-fiction | Central Library, University of Rajshahi | Central Library, University of Rajshahi | Reading Room | 23/10/1970 | Swets and Zetlinger | 50.00 | 620.112076 BEP 1966 | 29/01/2014 | C-1 | Books | |||
| Dewey Decimal Classification | Non-fiction | Central Library, University of Rajshahi | Central Library, University of Rajshahi | 23/10/1970 | Sweets & Zuitlinger | 50.00 | 620.112076 BEP 1966 | 27/10/2016 | C-2 | Books |